000 01371cam a2200349 i 4500
001 31469
003 Mx-PuUPA
005 20250722123807.0
008 140415s2007 sp ae gr 001 0 spa d
017 _aB. 22.500-2006
020 _a9788425221040
040 _cMx-PuUPA
_aMx-PuUPA
_bspa
_dMx-PuUPA
_erda
041 1 _aspa
_hcat
043 _ae-sp---
100 1 _aSolanas, Toni,
_917237
_eautor
245 1 0 _aVivienda y sostenibilidad en España.
_nVol. 1,
_pUnifamiliar /
_cToni Solanas ; edición, Marta Rojals ; traducción del catalán, Glòria Bohigas
264 1 _aBarcelona, España :
_bEditorial Gustavo Gili,
_c©2007
300 _a215 páginas :
_bilustraciones, planos (principalmente a color) ;
_c30 cm
336 _2rdacontent
_atexto
_btxt
337 _2rdamedia
_asin medio
_bn
338 _2rdacarrier
_avolumen
_bnc
490 0 _aVivienda y sostenibilidad en España ;
_v1
650 7 _2armarc
_aArquitectura
_xAspectos Ambientales
_zEspaña
650 7 _2armarc
_aArquitectura sostenible
_zEspaña
650 7 _2armarc
_aArquitectura doméstica
_zEspaña
_xDiseños y planos
700 1 _aRojals, Marta,
_eeditor
700 1 _aBohigas, Glòria,
_etraductor
942 _2ddc
_cLI
_h720.470946
_iS6818
999 _c31469
_d31469